| 000 | 00000nas##2200000za#4500 |
| 001 | 9.508927 |
| 003 | CaOODSP |
| 005 | 20200325125534 |
| 007 | ta |
| 008 | 150406c2000||||xxc|| m #||||f| |0fre|d |
| 022 | |a0825-4559 |
| 040 | |aCaOODSP|bfre |
| 041 | |aeng |
| 041 | |afre |
| 043 | |an-cn--- |
| 086 | 1 |aA54-9 |
| 110 | 1 |aCanada. |bAgriculture et agroalimentaire Canada. |bDirection générale de la recherche. |
| 245 | 10|aBulletin technique / |cPublié par le Centre de recherche et de développement en horticulture. |
| 260 | |aSaint-Jean-sur-Richelieu - Québec : |bAgriculture et Agroalimentaire Canada. |
| 310 | |aIrrégulier |
| 546 | |aBilingue |
| 563 | |aReliure à anneaux |
| 775 | 08|tTechnical bulletin / |w(CaOODSP)9.514413 |
| 791 | |tTechnical bulletin / |eeng|w(CaOODSP)9.508926 |